Loading...
Granta
| Hovedforfatter: | |
|---|---|
| Format: | Printed Book |
| Udgivet: |
London
Granta Publications
2015
|
| LEADER | 00398nam a22001217a 4500 | ||
|---|---|---|---|
| 082 | |a 808.8005 |b RAU.G | ||
| 100 | |a Rausing, Sigrid,Ed. | ||
| 245 | |a Granta | ||
| 260 | |a London |b Granta Publications |c 2015 | ||
| 500 | |a issue 132, Summer.2015 | ||
| 942 | |c BK | ||
| 999 | |c 16014 |d 16014 | ||
| 952 | |0 0 |1 0 |4 0 |6 808_800500000000000_RAU_G |7 0 |9 18325 |a CAMPUS |b CAMPUS |d 2017-08-25 |l 0 |o 808.8005 RAU.G |p 23527 |r 2017-08-25 |w 2017-08-25 |y BK | ||